| 000 | 00547nab a2200157Ia 4500 | ||
|---|---|---|---|
| 003 | ES-SlBCS | ||
| 005 | 20210601133742.0 | ||
| 008 | 140529s2011 xxu||||| |||| 00| 0 por d | ||
| 041 | _apor | ||
| 100 | 1 |
_aPereira Coelho, Joao Paulo _9209246 |
|
| 245 | 0 | 2 |
_aA educatio latina na obra De Clementia de Sêneca _c Joao Paulo Pereira Coelho, José Joaquím Pereira |
| 600 | 1 | 4 |
_aSéneca, Lucio Anneo _9129895 |
| 700 | 1 |
_aPereira, José Joaquím _9209247 |
|
| 773 | 0 |
_tEducaçao e Filosofia _gvol. 25, nº. 49, 2011, págs. 99-120 _wRev1534 |
|
| 942 | _cAR | ||
| 999 |
_c601555 _d601555 |
||